| 000 | 00516nam a22001817a 4500 | ||
|---|---|---|---|
| 003 | CEME | ||
| 005 | 20210628203354.0 | ||
| 008 | 210121b xxu||||| |||| 00| 0 eng d | ||
| 020 | _a3-540-43494-1 | ||
| 040 | _cceme | ||
| 082 | _a532.05 CHA | ||
| 100 |
_aChattot, Jean -Jacques _965045 |
||
| 245 | _aComputational aerodynamics and fluid dynamics , an introducation | ||
| 260 |
_aNEW YORK _bSPRINGER _c2004 |
||
| 300 | _aXI,191 P | ||
| 650 |
_aCOMPUTATIONAL AERODYNAMICS.FLUID DYNAMICS _965046 |
||
| 942 |
_cBK _2ddc |
||
| 999 |
_c573368 _d573368 |
||